| 000 | 00810nam a22001937a 4500 | ||
|---|---|---|---|
| 003 | 0 | ||
| 005 | 20250204104217.0 | ||
| 008 | 250203b xxu||||| |||| 00| 0 eng d | ||
| 050 |
_aG 155.A1 _b.C33 2024 |
||
| 100 | _aCabero, Emil Gabriel F. | ||
| 245 |
_aExploring the munich campus _ba 3d virtual tour of the munich campus in southville international school and colleges. _cEmil Gabriel F. Cabero |
||
| 260 |
_aLas Pinas City _bSouthville International School and Colleges _c2024 |
||
| 300 |
_aviii, 96 pages ; _c28cm. |
||
| 500 | _aBachelor of Arts in Multimedia Arts. | ||
| 504 | _aIncludes bibliographical references and appendices. | ||
| 650 | _aVirtual campus tours – 3D visualization – Digital exploration. | ||
| 650 | _aEducational technology – Digital campus experiences. | ||
| 942 |
_2lcc _cTH |
||
| 999 |
_c367107 _d367107 |
||